000 00510nam a2200205Ia 4500
001 11602
003 GE_BSU
008 181216s||||||||xx |||||||||||||| ||und||
020 _a9780276425509
040 _cGE_BSU
080 _a821.111-32
245 _aReader's digest condensed book.
245 _cSelected and edited by reader's digest.
260 _aLondon
260 _bCondensed books division.
260 _c2001.
300 _a540p;20cm.
653 _aReader's digest condensed book.
942 _cBK
999 _c44797
_d44797